Surely, You Can't Be Serious (Movie Quotes) - Statistics

General Stats
  • This quiz has been taken 10 times
  • The average score is 3 of 33
Answer Stats
Hint Answer % Correct
- A hospital? What is it? - It's a big building with patients, but that's not important right now. Airplane!
67%
Puny god. The Avengers
56%
I'm not locked in here with you. You're locked in here with ME! Watchmen
33%
You mark that frame an eight and you're entering a world of pain. The Big Lebowski
22%
I don't want to come off as arrogant here, but I'm the greatest botanist on this planet. The Martian
22%
No time for the old in-n-out, love, I've just come to read the meter. A Clockwork Orange
11%
Remember those posters that said, "Today is the first day of the rest of your life"? Well, that's true of every day except one, the day you die. American Beauty
11%
I arrived in America's airport with clothings, US dollars, and a jar of gypsy tears to protect me from AIDS. Borat
11%
We may not enjoy living together, but dying together isn't going to solve anything. Night of the Living Dead
11%
Can you dig it! The Warriors
11%
Real tomato ketchup, Eddie? Vacation
11%
Oh! Kelly Clarkson! 40 Year Old Virgin
0%
I will speak for you, Father. I speak for all mediocrities in the world. I am their champion. I am their patron saint. Amadeus
0%
Do you mind if we dance wif yo dates? Animal House
0%
Fudge, Packer? Cannibal! The Musical
0%
He said there was nothin' sweet in my ear. Death Race 2000
0%
Dr. Feelgood, calling Dr. Feelgood. You're wanted in inhalation therapy. Dolemite
0%
People on ludes should not drive. Fast Times at Ridgemont High
0%
You just handle the justice, and I'll handle the revenge myself. Foxy Brown
0%
We don't kill people, we destroy demons. Frailty
0%
Listen... you smell something? Ghostbusters
0%
A shadow shall fall over the universe, and evil will grow in its path, and death will come from the skies. Heavy Metal
0%
- I'm the greatest, I'm number one! - To me, you look like number two, know what I mean? Murder by Death
0%
You're not gonna blame me because the phone went dead. I'm not the phone company. Nobody's the phone company anymore! Night of the Comet
0%
Oh, my God. The boy's deformed! Porky's
0%
Deep in the power station lies the pleasure machine, a reward for those who loyally serve the Dark One. Robot Holocaust
0%
God, does that booger-eatin' spaz make me wanna puke! The Bad News Bears
0%
I'm not? You mean I'm gonna STAY this color? The Jerk
0%
Not like this. Not like this. The Matrix
0%
Oh. Hi, Mark. The Room
0%
They're eating her... and then they're going to eat me... OH MY GOOOOOOOOOOOOOOOD! Troll 2
0%
I'm a rooster illusion. Tropic Thunder
0%
Man, he's like tripendicular, ya know? Valley Girl
0%
No matching quizzes found
Score Distribution
Percent of People with Each Score
Percentile by Number Answered
Your Score History
You have not taken this quiz